Catálogo
 En Linea

En casa al fin / (Registro nro. 926)

Detalles MARC
000 -CABECERA
campo de control de longitud fija 00475cam a2200169 a 4500
001 - NÚMERO DE CONTROL
campo de control 000000935
005 - FECHA Y HORA DE LA ÚLTIMA TRANSACCIÓN
campo de control 20200929145440.0
008 - DATOS DE LONGITUD FIJA--INFORMACIÓN GENERAL
campo de control de longitud fija 851119s1984 ch 000 0aspa
040 ## - FUENTE DE LA CATALOGACIÓN
Centro catalogador/agencia de origen DO-SdBNP
Lengua de catalogación spa
Centro/agencia transcriptor BNPHU
082 ## - NÚMERO DE LA CLASIFICACIÓN DECIMAL DEWEY
Número de clasificación 799.24
Número de documento/Ítem P398e, 1984
100 1# - ENTRADA PRINCIPAL--NOMBRE DE PERSONA
Nombre de persona Peng, Yin-han,
Fechas asociadas al nombre 1927-
9 (RLIN) 3294
245 10 - MENCIÓN DE TÍTULO
Título En casa al fin /
Mención de responsabilidad, etc. Peng Yin-han.
260 ## - PUBLICACIÓN, DISTRIBUCIÓN, ETC.
Lugar de publicación, distribución, etc. Taipei, Taiwan :
Nombre del editor, distribuidor, etc. Kuang Lu,
Fecha de publicación, distribución, etc. 1984.
300 ## - DESCRIPCIÓN FÍSICA
Extensión 31 p. ;
Dimensiones 19 cm.
651 #0 - PUNTO DE ACCESO ADICIONAL DE MATERIA--NOMBRE GEOGRÁFICO
Nombre geográfico Taiwan
9 (RLIN) 3295
600 10 - PUNTO DE ACCESO ADICIONAL DE MATERIA--NOMBRE DE PERSONA
Nombre de persona Peng, Yinhan,
Fechas asociadas al nombre 1927-
9 (RLIN) 3296
Existencias
Estado de retiro Estado de pérdida Restricciones de uso No para préstamo Código de colección Localización permanente Ubicación/localización actual Ubicación en estantería Fecha de adquisición Número de inventario Total de préstamos Signatura topográfica completa Código de barras Fecha visto por última vez Precio válido a partir de Tipo de ítem Koha
    Préstamo interno Préstamo en sala Dominicana de Servicio Biblioteca Nacional Pedro Henríquez Ureña Biblioteca Nacional Pedro Henríquez Ureña Depósito 22.09.2009 LF1   799.24 P398e, 1984 935-10 25.06.2020 25.06.2020 Libros y folletos

Con tecnología Koha